วิทยาลัยพยาบาลบรมราชชนนี ยะลา
ระบบห้องสมุดอัตโนมัติ ULIBM BCNYALA - V.6
เปลี่ยนเป็นภาษาไทย

Change to English
 แสดงรายละเอียดบรรณานุกรม
  กลับหน้าหลัก

Brief Record : Get Marc (ISO 2709) : E-mail record : QR code ปิดหน้าต่าง
เทคนิคการสรุปบทความ Review โดย
ใช้งานได้ทุกระบบ
ห้องสมุดวพบ.ยะลา
ใช้งานได้ทุกระบบ เมื่อ9/เมษายน/2569
สารบัญ

บทที่ 1 หลักการทั่วไปในการสรุปความ
บทที่ 2 ประเภทของสารกับการสรุปความ
บทที่ 3 การสรุปงานเขียนสารคดี
บทที่ 4 การสรุปงานเขียนบันเทิงคดี
บทที่ 5 การสรุปงานเขียนวิชาการ
บทที่ 6 การสรุปงานเขียนแสดงความคิดเห็น
บทที่ 7 การสรุปงานเขียนวิเคราะห์
บทที่ 8 การสรุปงานเขียนวิจารณ์
บทที่ 9 การสรุปงานเขียนสัมภาษณ์
บทที่ 10 การสรุปความในการเขียนผลงานวิจัย

E-books : เกี่ยวกับ Collections
LEADER 00000nam 2200000uu 4500
001    3836
003     ULIBM
008    260409s2567||||th 000 0 tha d
020    ^a9786164263574
050  4 ^aLB2369^bว321ท
100 0  ^aวรารัชต์ มหามนตรี
245 10 ^aเทคนิคการสรุปบทความ=^bSummarizing Techniques/^cวรารัชต์ มหามนตรี
246 00 ^aSummarizing Techniques
250    ^aพิมพ์ครั้งที่ 4
260    ^aพิษณุโลก :^bสำนักพิมพ์มหาวิทยาลัยนเรศวร,^c2567.
300    ^a277หน้า :^bภาพประกอบ;^c21 ซม.
650  7 ^aการเขียนรายงาน
650  7 ^aการเขียนทางวิชาการ
999    ^aฮัซวานี
รายการนี้ยังไม่มีแท็ก
คุณยังไม่ได้ล็อกอิน คุณสามารถมีกิจกรรมร่วมกับเว็บไซต์ได้ แต่ต้องล็อกอินก่อน ::
  ล็อกอิน
ลำดับที่ ประเภท เลขเรียก สถานที่ สถานะ
1. หนังสือทั่วไป
หนังสือทั่วไป
LB2369 ว321ท 2567 ฉ.1 
  
ห้องสมุดวพบ.ยะลา
►หนังสือทั่วไปภาษาไทย
On Shelf
2. หนังสือทั่วไป
หนังสือทั่วไป
LB2369 ว321ท 2567 ฉ.2 
  
ห้องสมุดวพบ.ยะลา
►หนังสือทั่วไปภาษาไทย
On Shelf
3. หนังสือทั่วไป
หนังสือทั่วไป
LB2369 ว321ท 2567 ฉ.3 
  
ห้องสมุดวพบ.ยะลา
►หนังสือทั่วไปภาษาไทย
On Shelf
4. หนังสือทั่วไป
หนังสือทั่วไป
LB2369 ว321ท 2567 ฉ.4 
  
ห้องสมุดวพบ.ยะลา
►หนังสือทั่วไปภาษาไทย
On Shelf
5. หนังสือทั่วไป
หนังสือทั่วไป
LB2369 ว321ท 2567 ฉ.5 
  
ห้องสมุดวพบ.ยะลา
►หนังสือทั่วไปภาษาไทย
On Shelf
   [แสดง 5/5 รายการ]

รายการใกล้เคียง
    หัวเรื่อง [การเขียนรายงาน]
    หัวเรื่อง [การเขียนทางวิชาการ]

BibComment


ยังไม่เคยถูกคอมเมนท์

คอมเมนท์ทรัพยากรรายการนี้
  คอมเมนท์: เทคนิคการสรุปบทค..
Bib 3836

 
 
 

 Union Library Management : ULibM

ดูหนังออนไลน์

Copyright 2026. All Rights Reserved.